00720 2200229 4500001002100000005001700021008004100038035002500079040001200104082001700116084002200133100003200155245009800187260004500285300003100330500003100361504002900392650002200421700001700443850001200460990001800472INLIS00000000001034920150815134354.0  a0010-081500000001787 aYOPDYOG 223a155.9042 aSK 155.9042 Pur S aPURWANINGSIH Ratna Saridewi aStres dan strategi coping pada siswa-siswa SMA kelas akselerasic/ Purwanigsih Ratna Saridewi aYogyakartabUniversitas Gajah Madac2005 axi, 71 lembar.c; 29,5 cm. aSkripsi Fakultas Psikologi aBibliografi : hlm. 68-71 aStres (Psikologi) aTINA Afiatin aYOPDYOG a48345-PD/A.15